00868 2200325 4500001002100000005001500021035002500036008004100061020001800102082001000120090001800130100002900148245007000177250001000247260003100257300002800288440002300316650002100339700003100360850001200391999001500403040001200418084001600430990001600446990001600462990001600478990001600494990001600510990001600526YOGYA-0209000007274520230515125412 a0010-020900000072745090227s2006 a ind  a979-24-3200-004a297.6 lK 297.6 Tri A1 aTRIM, BambangePengarang10aAgar jadi muslim hebat /cBambang Trim; ilustrator, Prabowo Sakti aCet.131aBandung :bMQ Kecil,c2006 a84 hlm :bIlus ;c25 cm aBuku motivasi Anak 4aPendidikan Islam1 aSakti, Prabowoeilustrator aYOPDYOG a08P0000113 aYOPDYOG a297.6 TRI a a112-PD/P.08 a113-PD/P.08 a114-PD/P.08 a114-PD/P.08 a112-PD/P.08 a113-PD/P.08